| 000 | 01068cam a22002891 4500 | ||
|---|---|---|---|
| 001 | 34683 | ||
| 005 | 20230410103521.0 | ||
| 008 | 760710s1963 mx b 000 0 spa | ||
| 035 | _9(DLC) 31029696 | ||
| 035 | _a8751375 | ||
| 010 | _a 31029696 | ||
| 035 | _a(OCoLC)2305518 | ||
| 040 |
_aDLC _cDGU _dDGU _dDLC |
||
| 042 | _apremarc | ||
| 050 | 1 | 4 |
_a118 PQ 7409 _bH519r 1963 |
| 100 | 2 |
_aHenríquez Ureña, Max, _d1885-1968 |
|
| 245 | 1 | 3 |
_aEl retorno de los galeones y otros ensayos / _cMax Henríquez Ureña. |
| 260 |
_aMéxico : _bEdiciones Galaxia : Ediciones de Andrea, _c[1963] |
||
| 300 |
_a238 p. _c18 cm. |
||
| 440 | 0 |
_aColección studium; _v39 |
|
| 504 | _a"Bibliografía": p. [230] -254. | ||
| 505 | 0 | _aEstudio sobre el intercambio de influencias literarias entre España y América durante los últimos cincuenta años.--Desarrollo histórico de la cultura en la América española durante la época colonial. | |
| 650 | 4 | _aLiteratura dominicana. | |
| 650 | 4 | _aEnsayos dominicanos. | |
| 942 |
_2lcc _cbk |
||
| 985 | _eOCLC REPLACEMENT cdsdistr | ||
| 999 |
_c20378 _d20378 |
||